| 000 | 00741nam a22002297a 4500 | ||
|---|---|---|---|
| 999 |
_c16344 _d16344 |
||
| 003 | AR-CdUCM | ||
| 008 | 190503b ||||| |||| 00| 0 spa d | ||
| 040 |
_aMUNICIPALIDAD PROVINCIAL DEL CUSCO _cBIBLIOTECA MUNICIPAL DEL CUSCO |
||
| 041 | _hale | ||
| 082 |
_22ed. _a900 / _bH65 |
||
| 100 |
_aHoernes, Moritz _927671 |
||
| 245 | _aPrehistoria / | ||
| 260 |
_aBarcelona : _bLabor, _c1928. |
||
| 300 |
_a179 páginas ; _bIlustraciones, _c19 cm. |
||
| 440 |
_aBiblioteca de iniciación cultural ; _n6 _935734 |
||
| 505 | _aContenido: t.1. La edad de la piedra. | ||
| 650 |
_aPrehistoria _9685 |
||
| 650 |
_aEdad de piedra _915210 |
||
| 700 |
_aSerra Rafols, José de C. (traductor) _935735 |
||
| 942 |
_2ddc _cLIBROS |
||
| 945 |
_aacv _d2019-05-03 |
||